000 00252nam a2200109Ia 4500
008 190216s9999||||xx |||||||||||||| ||und||
100 _aRadhakrishnan C
245 0 _aMalayalam-Mareechika
260 _bCurrent Books
650 _aMalayalam
942 _cBK
999 _c24068
_d24068